• 首页
  • 本馆介绍
  • 公告通知
  • 最新文献
  • 馆藏检索
  • 电子资源
  • 读者导购
  • 参考咨询
  • 我的图书馆
  • 登录
  • 详细信息显示
  • 放入我的书架
  • 预约/预借图书
  • 作者相关作品
  • 分类相关作品
  • 丛书相关作品
  • 出版社相关作品

书目信息

  • 表格格式
  • 工作单格式
  • 卡片格式
题名:
算子半群与发展方程
    
 
作者: 王明新 著
分册:  
出版信息: 北京   科学出版社  
页数: 188页
开本: 26cm
丛书名: 大学数学科学丛书;13
单 册:
中图分类: O152.7
科图分类:
主题词: 代数 , 数论 , 组合数学
电子资源:
ISBN: 7-03-017755-X
000 00643nam0 2200229 450
001 0732828906
005 20070903090708.90
010    @a7-03-017755-X@d¥36.00
100    @a20070903d km y0chiy0120 ea
101 0  @achi
200 1  @a算子半群与发展方程@Asuan zi ban qun yu fa zhan fang cheng@f王明新著@Fwang ming xin zhu
210    @a北京@c科学出版社
215    @a188页@d26cm
225 2  @a大学数学科学丛书;13
410  0 @12001 @a大学数学科学丛书;13
606 0  @a代数
606 0  @a数论
606 0  @a组合数学
690    @aO152.7@v3
701  0 @a王明新@Awang ming xin@4著
801  0 @aCN@bPFT@c20070903
905    @a213230@dO152.7@eS340@f1
    
    算子半群与发展方程/王明新著.-北京:科学出版社
    188页;26cm.-(大学数学科学丛书;13)
    
    
    ISBN 7-03-017755-X:¥36.00
    
●
相关链接 在E读中查询图书 在五车中查询图书 在当当中查询图书 在豆瓣中查询图书


正题名:算子半群与发展方程     索取号:O152.7/S340         预约/预借

序号 登录号 条形码 馆藏地/架位号 状态 备注
1 6704730   267047304   密集书库-数信学院/ [索取号:O152.7/S340] 在馆    
2 6704731   267047313   密集书库-数信学院/ [索取号:O152.7/S340] 在馆    
唐山师范学院图书馆 欢迎您!
大连网信软件有限公司© 版权所有